Current problems in home economics ... (Record no. 20197)

MARC details
000 -LEADER
fixed length control field 00863cam a22002651 4500
001 - CONTROL NUMBER
control field e 18000412
003 - CONTROL NUMBER IDENTIFIER
control field DLC
005 - DATE AND TIME OF LATEST TRANSACTION
control field 20260227111208.0
008 - FIXED-LENGTH DATA ELEMENTS--GENERAL INFORMATION
fixed length control field 960605s1918 dcu f000 0 eng c
010 ## - LIBRARY OF CONGRESS CONTROL NUMBER
LC control number e 18000412
035 ## - SYSTEM CONTROL NUMBER
System control number (OCoLC)34878212
040 ## - CATALOGING SOURCE
Original cataloging agency U.S. Bur. of Education
Transcribing agency MoU
Modifying agency DLC
050 00 - LIBRARY OF CONGRESS CALL NUMBER
Classification number TX7
Item number .U63 no. 2
050 00 - LIBRARY OF CONGRESS CALL NUMBER
Classification number TX173
Item number .A5 1918
110 1# - MAIN ENTRY--CORPORATE NAME
Corporate name or jurisdiction name as entry element United States.
Subordinate unit Bureau of Education.
245 10 - TITLE STATEMENT
Title Current problems in home economics ...
260 ## - PUBLICATION, DISTRIBUTION, ETC.
Place of publication, distribution, etc. [Washington,
Name of publisher, distributor, etc. Govt. Print. Off.,
Date of publication, distribution, etc. 1918]
300 ## - PHYSICAL DESCRIPTION
Extent 11 p.
Dimensions 23 cm.
490 1# - SERIES STATEMENT
Series statement Home economics circular
Volume/sequential designation no. 2, Jan.1, 1918
500 ## - GENERAL NOTE
General note Caption title.
500 ## - GENERAL NOTE
General note At head of title: ... Department of the Interior ...
500 ## - GENERAL NOTE
General note This circular replaces Home economics letters nos. 4-13.
650 #0 - SUBJECT ADDED ENTRY--TOPICAL TERM
Topical term or geographic name entry element Home economics.
830 #0 - SERIES ADDED ENTRY--UNIFORM TITLE
Uniform title Current problems in home economics.

No items available.

Powered by Koha